书目信息 |
| 题名: |
北京大学书法研究生班作品精选集
|
|
| 作者: | 王岳川 主编 | |
| 分册: | 第一辑 | |
| 出版信息: | 合肥 安徽美术出版社 2007.12 |
|
| 页数: | 46页 | |
| 开本: | 30cm | |
| 丛书名: | ||
| 单 册: | ||
| 中图分类: | J292.28 | |
| 科图分类: | ||
| 主题词: | 书法--中国 , 篆刻--中国 | |
| 电子资源: | ||
| ISBN: | 7-5398-1757-7 | |
| 000 | 00670nam0 2200205 450 | |
| 001 | 1655627531 | |
| 005 | 20160406152926.41 | |
| 010 | @a7-5398-1757-7@dCNY38.00 | |
| 100 | @a20160406d2007 km y0chiy0120 ea | |
| 101 | 0 | @achi |
| 102 | @aCN@b340000 | |
| 200 | 1 | @a北京大学书法研究生班作品精选集@Abei jing da xue shu fa yan jiu sheng ban zuo pin jing xuan ji@h第一辑@f王岳川主编@Fwang yue chuan zhu bian |
| 210 | @a合肥@c安徽美术出版社@d2007.12 | |
| 215 | @a46页@d30cm | |
| 606 | 0 | @a书法@x中国 |
| 606 | 0 | @a篆刻@x中国 |
| 690 | @aJ292.28@v4 | |
| 701 | 0 | @a王岳川@Awang yue chuan@4主编 |
| 801 | 0 | @aCN@b大连网信软件有限公司图书馆·11@c20160406 |
| 905 | @aZUCC@dJ292.28@eW440 | |
| 北京大学书法研究生班作品精选集.第一辑/王岳川主编.-合肥:安徽美术出版社,2007.12 |
| 46页;30cm |
| ISBN 7-5398-1757-7:CNY38.00 |
| ● |
| 相关链接 |
|
|
|
正题名:北京大学书法研究生班作品精选集
索取号:J292.28/W440
 
预约/预借
| 序号 | 登录号 | 条形码 | 馆藏地/架位号 | 状态 | 备注 |
| 1 | 1222353 | 212223538 | 城院文库/ [索取号:J292.28/W440] | 在馆 |